000 00477nam a2200181 i 4500
001 70763
003 ES-MaACL
005 20230906170920.0
007 t|
008 040802s1970 sp |||| |dspa d
080 _a821.134.2-31"19"
100 1 _aGarrido, Luis.
_955679
245 1 4 _aLos niños que perdimos la guerra
_b: novela /
_cLuis Garrido.
250 _a1ª ed.
260 _aMadrid :
_bLiteroy,
_c1970.
300 _a227 p. ;
_c21 cm.
852 _aES-MaACL
_jC-39869
999 _c70763
_d70763